00251 a2200109 4500001000700000040003500007100002000042240003400062245002900096300000700125362000900132150857 cEscola São Tomás de Aquino aGOECKS, Rodrigo10aCabelo bom é o quê? lpor10aCabelo bom é o quê?  a230 a2016